| 000 | 01005nam a2200325 i 4500 | ||
|---|---|---|---|
| 999 |
_c200459414 _d77626 |
||
| 001 | 200459414 | ||
| 003 | TR-AnTOB | ||
| 005 | 20240208103322.0 | ||
| 007 | ta | ||
| 008 | 240208s2022 tu b 000 0 tur d | ||
| 020 |
_a9786254322792 _q(paperback) |
||
| 035 | _a(TR-AnTOB)200459414 | ||
| 040 |
_aTR-AnTOB _beng _erda _cTR-AnTOB |
||
| 041 | 0 | _atur | |
| 050 | 4 |
_aK3161 _b.B6965 2022 |
|
| 090 |
_aK3161 _b.B6965 2022 |
||
| 100 | 1 |
_aBozoklu, Mustafa _eauthor _9144897 |
|
| 245 | 1 | 0 |
_aYaşam, özgürlük ve mülkiyet : _byazılı anayasacılığın ortaya çıkışı / _cMustafa Bozoklu. |
| 250 | _a1. baskı. | ||
| 264 | 1 |
_aİstanbul : _bOn İki Levha Yayıncılık, _c2022. |
|
| 300 |
_axi, 184 pages ; _c21 cm |
||
| 336 |
_atext _btxt _2rdacontent |
||
| 337 |
_aunmediated _bn _2rdamedia |
||
| 338 |
_avolume _bnc _2rdacarrier |
||
| 500 | _a"Yayın no: 2097" title page verso. | ||
| 504 | _aBIB | ||
| 650 | 7 |
_aAnayasa tarihi _2etuturkob _9124708 |
|
| 942 |
_2lcc _cBK |
||